[Event "4NCL/Div4b/MET vs. GREN"]
[Site "Telford ENG"]
[Date "2005.02.27"]
[Round "6.6"]
[White "Butterworth, Paul"]
[Black "Cooke, Charlie"]
[Result "0-1"]
[WhiteElo "1910"]
[BlackElo "1840"]
[PlyCount "72"]
[EventDate "2005.02.27"]
[SourceDate "2004.09.21"]

1. d4 d5 2. c4 e6 3. Nc3 Nf6 4. Bg5 Be7 5. e3 O-O 6. cxd5 exd5 7. Bd3 c6 8.
Nge2 Re8 9. O-O Nbd7 10. Rc1 Nf8 11. Nf4 h6 12. Bxf6 Bxf6 13. b4 a6 14. Na4 Ne6
15. Nxe6 Rxe6 16. Nc5 Re8 17. a4 Be7 18. b5 cxb5 19. axb5 a5 20. Na4 b6 21. Qb3
Rb8 22. Be2 Be6 23. Bf3 Bb4 24. Rc6 Bd7 25. Bxd5 Bxc6 26. bxc6 Re7 27. e4 Rc7
28. Nb2 Bd2 29. Qb5 Bc3 30. Rb1 Bxd4 31. Nc4 Qf6 32. Rf1 Bc5 33. g3 h5 34. Kg2
g5 35. e5 Qf5 36. f4 Qd3 0-1

[Event "4NCL/Div4b/SLOS3 vs. MIN2"]
[Site "Telford ENG"]
[Date "2005.02.27"]
[Round "6.1"]
[White "Mulligan, Stephen"]
[Black "Hardman, Michael J"]
[Result "1/2-1/2"]
[WhiteElo "2157"]
[BlackElo "2100"]
[PlyCount "52"]
[EventDate "2005.02.27"]
[SourceDate "2004.09.21"]

1. d4 d5 2. c4 Nc6 3. Nc3 e6 4. Nf3 Nf6 5. Bg5 Be7 6. e3 O-O 7. Be2 dxc4 8.
Bxc4 Na5 9. Bd3 b6 10. O-O Bb7 11. Rc1 a6 12. Qe2 Nd5 13. Bxe7 Qxe7 14. Nxd5
Bxd5 15. b4 Qxb4 16. e4 Bb7 17. Rxc7 Rfc8 18. Rfc1 Rxc7 19. Rxc7 Rc8 20. Qc2
Qf8 21. d5 exd5 22. exd5 Rxc7 23. Qxc7 Bxd5 24. Qxb6 Nc6 25. Qxa6 Nb4 26. Qb5
Bxa2 1/2-1/2

[Event "4NCL/Div4b/SLOS3 vs. MIN2"]
[Site "Telford ENG"]
[Date "2005.02.27"]
[Round "6.2"]
[White "Parker, Robert"]
[Black "Roberson, Peter T"]
[Result "1/2-1/2"]
[WhiteElo "2088"]
[BlackElo "2117"]
[PlyCount "52"]
[EventDate "2005.02.27"]
[SourceDate "2004.09.21"]

1. d4 Nf6 2. c4 c5 3. d5 e6 4. Nc3 exd5 5. cxd5 d6 6. e4 g6 7. f4 Bg7 8. Bb5+
Nfd7 9. a4 a6 10. Bc4 Qh4+ 11. g3 Qd8 12. Nf3 O-O 13. O-O Nb6 14. Bd3 Bg4 15.
a5 Nc8 16. Be2 Re8 17. Nd2 Bh3 18. Re1 Bd4+ 19. Kh1 Bf2 20. Bf3 Bxe1 21. Qxe1
Qf6 22. Ne2 Bd7 23. Rb1 Bb5 24. b3 Qd8 25. Nc4 Nd7 26. Bb2 Bxc4 1/2-1/2

[Event "4NCL/Div4b/SLOS3 vs. MIN2"]
[Site "Telford ENG"]
[Date "2005.02.27"]
[Round "6.3"]
[White "Nelson, Omowale"]
[Black "Ackley, Peter"]
[Result "1/2-1/2"]
[WhiteElo "2094"]
[BlackElo "2050"]
[PlyCount "40"]
[EventDate "2005.02.27"]
[SourceDate "2004.09.21"]

1. d4 d6 2. c4 e5 3. d5 f5 4. Nc3 Nf6 5. Nf3 Be7 6. Qc2 O-O 7. e4 Nxe4 8. Nxe4
fxe4 9. Qxe4 Bf5 10. Qe3 a5 11. Be2 Na6 12. Bd2 Nc5 13. h4 Qe8 14. Ng5 Qg6 15.
g4 Bd3 16. h5 Qxg5 17. Qxg5 Bxg5 18. Bxg5 Bxe2 19. Kxe2 Rf7 20. Be3 Raf8
1/2-1/2

[Event "4NCL/Div4b/SLOS3 vs. MIN2"]
[Site "Telford ENG"]
[Date "2005.02.27"]
[Round "6.4"]
[White "Hawkins, J Nick"]
[Black "de Coverly, Roger"]
[Result "0-1"]
[WhiteElo "2039"]
[BlackElo "2093"]
[PlyCount "84"]
[EventDate "2005.02.27"]
[SourceDate "2004.09.21"]

1. e4 e5 2. Nf3 Nc6 3. Bc4 Nf6 4. d4 exd4 5. O-O Nxe4 6. Re1 d5 7. Bxd5 Qxd5 8.
Nc3 Qa5 9. Nxe4 Be6 10. Neg5 O-O-O 11. Nxe6 fxe6 12. Rxe6 Bd6 13. Qe2 Qh5 14.
h3 Rde8 15. Bd2 Qf7 16. Re1 Rxe6 17. Qxe6+ Qxe6 18. Rxe6 h6 19. Rg6 Rh7 20. Re6
g5 21. Kf1 Kd7 22. Re4 Re7 23. Rxe7+ Bxe7 24. Ke2 Ke6 25. Kd3 Kd5 26. c3 dxc3
27. Bxc3 Bf8 28. Nh2 Ne5+ 29. Ke2 c5 30. Nf1 Nc6 31. Ne3+ Ke6 32. Kd3 b5 33.
Ke4 c4 34. a3 a5 35. Nc2 Bc5 36. Nd4+ Bxd4 37. Bxd4 b4 38. Bg7 h5 39. g3 c3 40.
bxc3 bxa3 41. Kd3 a2 42. c4 Ne5+ 0-1

[Event "4NCL/Div4b/SLOS3 vs. MIN2"]
[Site "Telford ENG"]
[Date "2005.02.27"]
[Round "6.5"]
[White "Lutton, J Ezra"]
[Black "Twitchell, Neville H"]
[Result "1-0"]
[WhiteElo "2133"]
[BlackElo "2023"]
[PlyCount "75"]
[EventDate "2005.02.27"]
[SourceDate "2004.09.21"]

1. Nc3 c5 2. e4 Nc6 3. f4 g6 4. Nf3 Bg7 5. Bb5 Nd4 6. Bd3 d6 7. Nxd4 cxd4 8.
Ne2 Nf6 9. c3 dxc3 10. bxc3 O-O 11. Bc2 b5 12. O-O Bb7 13. d3 a6 14. Qe1 Rc8
15. Rb1 Qc7 16. Kh1 Qc5 17. f5 Nd7 18. Bd2 a5 19. Rf3 b4 20. Qh4 Bf6 21. Qh6
Bg7 22. Qh4 Bf6 23. Qh3 Qc7 24. Bh6 Bg7 25. fxg6 hxg6 26. Qh4 Bf6 27. Qg3 Bg7
28. Qh4 Bf6 29. Bg5 Bxg5 30. Qxg5 Kg7 31. Qxe7 Rce8 32. Rxf7+ Rxf7 33. Qxe8 Nf6
34. Qb5 Ng4 35. Qg5 Nf2+ 36. Kg1 Qb6 37. Nd4 Bc8 38. Bb3 1-0

[Event "4NCL/Div4b/SLOS3 vs. MIN2"]
[Site "Telford ENG"]
[Date "2005.02.27"]
[Round "6.6"]
[White "Eisen, David"]
[Black "Purton, Ben J"]
[Result "0-1"]
[WhiteElo "2020"]
[BlackElo "2085"]
[PlyCount "138"]
[EventDate "2005.02.27"]
[SourceDate "2004.09.21"]

1. d4 d6 2. Nf3 f5 3. g3 g6 4. Bg2 Bg7 5. c4 Nf6 6. Nc3 O-O 7. O-O c6 8. Qc2
Qc7 9. e4 fxe4 10. Nxe4 Nxe4 11. Qxe4 Bf5 12. Qe3 Nd7 13. Nh4 e5 14. d5 c5 15.
h3 Nf6 16. Nxf5 gxf5 17. Bd2 Qf7 18. Bc3 Kh8 19. b4 b6 20. bxc5 bxc5 21. Rab1
f4 22. gxf4 Bh6 23. Kh1 Bxf4 24. Qe2 Rg8 25. Rg1 Qd7 26. Bd2 Qf5 27. Bxf4 Qxf4
28. Qf3 Qxf3 29. Bxf3 Rgb8 30. Rge1 a5 31. Kg1 Rb4 32. Be2 Ne4 33. a3 Rg8+ 34.
Kh2 Ra4 35. f3 Nd2 36. Rb6 Rxa3 37. Rxd6 Rxf3 38. Ra6 Rf2+ 39. Kh1 Rgg2 40.
Ra8+ Kg7 41. Rg1 Rxg1+ 42. Kxg1 Rxe2 43. d6 Nf3+ 44. Kf1 Rd2 45. Rxa5 Rxd6 46.
Ke2 Ng1+ 47. Ke3 Nxh3 48. Rxc5 Kf6 49. Rc7 Ng5 50. c5 Rd1 51. c6 Rc1 52. Rc8
Ne6 53. Ke4 h5 54. Rh8 Rxc6 55. Rxh5 Rc4+ 56. Ke3 Ng5 57. Rh8 Rc3+ 58. Kd2 Rh3
59. Rf8+ Ke6 60. Rg8 Kf5 61. Ke2 Ne6 62. Ra8 Ke4 63. Kf2 Nd4 64. Ra4 Rh2+ 65.
Ke1 Kf5 66. Kf1 Ne6 67. Ke1 e4 68. Kf1 Kf4 69. Ke1 Kf3 0-1

[Event "4NCL/Div4b/SLOS3 vs. HAL"]
[Site "Telford ENG"]
[Date "2005.04.16"]
[Round "7.1"]
[White "Varnam, Liam D"]
[Black "Edge, John"]
[Result "1/2-1/2"]
[WhiteElo "2092"]
[BlackElo "2125"]
[PlyCount "54"]
[EventDate "2005.04.16"]
[SourceDate "2004.09.21"]

1. e4 c5 2. Nc3 Nc6 3. g3 g6 4. Bg2 Bg7 5. Nge2 e6 6. O-O Nge7 7. d3 O-O 8. f4
b6 9. e5 d5 10. exd6 Qxd6 11. Ne4 Qd7 12. Rb1 Ba6 13. b3 Rac8 14. Bb2 Nd4 15.
Nxd4 cxd4 16. Ba3 Rc7 17. Bd6 Rcc8 18. Bxe7 Qxe7 19. Re1 Bb7 20. Qe2 Rc7 21. g4
Rfc8 22. Rec1 Qh4 23. Nd6 Bxg2 24. Nxc8 Bh3 25. Nd6 Bxg4 26. Qg2 Rd7 27. Ne4 e5
1/2-1/2

[Event "4NCL/Div4b/SLOS3 vs. HAL"]
[Site "Telford ENG"]
[Date "2005.04.16"]
[Round "7.2"]
[White "Roberts, Colin J"]
[Black "Duggan, Michael"]
[Result "0-1"]
[WhiteElo "2055"]
[BlackElo "2096"]
[PlyCount "118"]
[EventDate "2005.04.16"]
[SourceDate "2004.09.21"]

1. d4 Nf6 2. c4 e6 3. Nf3 b6 4. g3 Ba6 5. Qa4 Bb7 6. Bg2 c5 7. O-O cxd4 8. Nxd4
Bxg2 9. Kxg2 Bc5 10. Nb5 Nc6 11. Bg5 O-O 12. Nd2 h6 13. Bxf6 Qxf6 14. Nc3 Qg6
15. Nf3 Rad8 16. Rad1 Rfe8 17. Rxd7 Rxd7 18. Qxc6 Rde7 19. Rd1 Qc2 20. Rd2 Qc1
21. Qe4 Bb4 22. Qc2 Qxc2 23. Rxc2 Bxc3 24. Rxc3 Rc7 25. Nd4 Rd7 26. e3 Rc8 27.
f4 Rdc7 28. b3 a6 29. a4 Kf8 30. Kf3 Ke7 31. Rd3 Rd7 32. e4 f6 33. Ke3 g6 34.
g4 e5 35. fxe5 fxe5 36. Nf3 Rxd3+ 37. Kxd3 Ke6 38. h4 Rd8+ 39. Ke2 Rf8 40. Ke3
a5 41. g5 h5 42. Ne1 Rf1 43. Nd3 Rb1 44. c5 Rxb3 45. cxb6 Rxb6 46. Kd2 Rb1 47.
Kc3 Rh1 48. Kc4 Kd6 49. Kb5 Rxh4 50. Kxa5 Rxe4 51. Kb5 Re3 52. Nc5 Re1 53. Nd3
Rb1+ 54. Ka6 e4 55. Nf4 e3 56. a5 Ke5 57. Nxg6+ Ke4 58. Nh4 e2 59. Ng2 Rg1 0-1

[Event "4NCL/Div4b/SLOS3 vs. HAL"]
[Site "Telford ENG"]
[Date "2005.04.16"]
[Round "7.3"]
[White "Armstrong, Malcolm"]
[Black "Peck, Windsor W"]
[Result "0-1"]
[WhiteElo "2129"]
[BlackElo "1925"]
[PlyCount "118"]
[EventDate "2005.04.16"]
[SourceDate "2004.09.21"]

1. d4 d5 2. Nf3 e6 3. c4 c6 4. e3 Nf6 5. Nc3 Nbd7 6. Bd3 Bd6 7. O-O O-O 8. cxd5
exd5 9. Qc2 Re8 10. Rb1 Qe7 11. a3 Ne4 12. b4 Ndf6 13. Rb3 Bg4 14. Be2 Qc7 15.
h3 Bxf3 16. Bxf3 Rac8 17. Qd3 Qd7 18. Bxe4 Nxe4 19. Nxe4 Rxe4 20. Bd2 Bb8 21.
f3 Re6 22. Kf2 Rce8 23. Re1 Qc7 24. Qf1 Qg3+ 25. Ke2 Rg6 26. b5 Qh2 27. Kd1
Rxg2 28. Re2 Rxe2 29. Qxe2 Qxh3 30. bxc6 bxc6 31. Kc1 Bc7 32. Kb2 Bb6 33. Qd1
Qg2 34. Ka2 h5 35. Rb2 Qg6 36. Bc1 h4 37. Qh1 Qf6 38. Rh2 Bd8 39. Rg2 Kf8 40.
Qh3 Qe6 41. Qh2 Qf5 42. Rf2 Qe6 43. Bd2 c5 44. Rg2 a5 45. Qg1 g6 46. Qc1 c4 47.
Re2 Qb6 48. Qc3 Bc7 49. Be1 Rb8 50. Qc2 h3 51. f4 Qb3+ 52. Qxb3 Rxb3 53. Bd2
Bd6 54. Bc1 a4 55. Rh2 Kg7 56. Rxh3 Bxf4 57. Rf3 Bd6 58. Rf1 Rd3 59. Re1 f5 0-1

[Event "4NCL/Div4b/SLOS3 vs. HAL"]
[Site "Telford ENG"]
[Date "2005.04.16"]
[Round "7.4"]
[White "Curry, Don"]
[Black "Jeffries, Majid"]
[Result "0-1"]
[WhiteElo "1800"]
[BlackElo "2019"]
[PlyCount "66"]
[EventDate "2005.04.16"]
[SourceDate "2004.09.21"]

1. e4 c5 2. Nf3 d6 3. d4 cxd4 4. Nxd4 Nf6 5. Nc3 Nc6 6. Bc4 e6 7. O-O Qc7 8.
Bb3 Bd7 9. Be3 a6 10. f4 h5 11. h3 b5 12. a3 Nxd4 13. Bxd4 Bc6 14. Qd3 O-O-O
15. Qe3 Qb7 16. Rfe1 Nd7 17. Qe2 h4 18. Rad1 Nf6 19. Qe3 Be7 20. Rd2 Rhg8 21.
e5 dxe5 22. Bxe5 Rxd2 23. Qxd2 Bc5+ 24. Kh2 Nd7 25. Qe2 g5 26. Qg4 Bf2 27. Re2
Bg3+ 28. Kg1 Nxe5 29. fxe5 Qb6+ 30. Kf1 Rd8 31. Qxg5 Qd4 32. Qc1 a5 33. Re1
Qf2# 0-1

[Event "4NCL/Div4b/SLOS3 vs. HAL"]
[Site "Telford ENG"]
[Date "2005.04.16"]
[Round "7.5"]
[White "McCarthy, Kevin"]
[Black "Banks, Peter"]
[Result "1-0"]
[WhiteElo "2065"]
[BlackElo "1780"]
[PlyCount "59"]
[EventDate "2005.04.16"]
[SourceDate "2004.09.21"]

1. d4 d5 2. e4 e6 3. Nc3 Nc6 4. e5 Bb4 5. f4 Nge7 6. Nf3 Bd7 7. Bd3 Nf5 8. Bxf5
exf5 9. Bd2 Bxc3 10. Bxc3 Qe7 11. a3 O-O-O 12. Qd3 h6 13. Bd2 Rhe8 14. O-O-O
Qe6 15. Be1 Qg6 16. h3 Ne7 17. Bh4 Qb6 18. Rhg1 Be6 19. g4 Rd7 20. Bxe7 Rdxe7
21. gxf5 Bd7 22. Rxg7 Bb5 23. Qe3 Qf6 24. exf6 Rxe3 25. Ne5 Rxh3 26. Rxf7 Rh4
27. Rh7 Rxf4 28. f7 Rd8 29. Ng6 Kb8 30. Nxf4 1-0

[Event "4NCL/Div4b/SLOS3 vs. HAL"]
[Site "Telford ENG"]
[Date "2005.04.16"]
[Round "7.6"]
[White "Evans, Joyce"]
[Black "Roberson, John"]
[Result "1-0"]
[WhiteElo "1435"]
[BlackElo "1455"]
[PlyCount "51"]
[EventDate "2005.04.16"]
[SourceDate "2004.09.21"]

1. e4 e5 2. Nf3 Nc6 3. Bc4 d6 4. d3 h6 5. c3 Nf6 6. Nbd2 a6 7. a4 Bg4 8. Qb3
Na5 9. Bxf7+ Ke7 10. Qa2 Qd7 11. Nh4 Bh5 12. Bxh5 Nxh5 13. Ng6+ Kf6 14. Nxh8
Nf4 15. O-O d5 16. d4 exd4 17. cxd4 Qg4 18. g3 Nh3+ 19. Kh1 Nc4 20. f3 Qe6 21.
Nxc4 dxc4 22. e5+ Ke7 23. Bd2 Rd8 24. Bb4+ Ke8 25. Bxf8 Kxf8 26. Rad1 1-0

[Event "4NCL/Div4b/MIN2 vs. MET"]
[Site "Telford ENG"]
[Date "2005.04.16"]
[Round "7.1"]
[White "Hardman, Michael J"]
[Black "Noden, Nicolas"]
[Result "1/2-1/2"]
[WhiteElo "2100"]
[BlackElo "2229"]
[PlyCount "45"]
[EventDate "2005.04.16"]
[SourceDate "2004.09.21"]

1. Nf3 d6 2. d4 g6 3. g3 Bg7 4. Bg2 Nf6 5. O-O O-O 6. c4 c6 7. Nc3 Qa5 8. d5
cxd5 9. cxd5 Bd7 10. e4 Na6 11. h3 Rfc8 12. Nd4 Be8 13. Be3 Nd7 14. f4 Ndc5 15.
Nb3 Nxb3 16. axb3 Qb4 17. e5 dxe5 18. d6 exf4 19. Rxf4 Qxd6 20. Qxd6 exd6 21.
Bxb7 Nc5 22. Bxc8 Rxc8 23. Nd5 1/2-1/2

[Event "4NCL/Div4b/MIN2 vs. MET"]
[Site "Telford ENG"]
[Date "2005.04.16"]
[Round "7.2"]
[White "Calvert, D Ian"]
[Black "Parker, Robert"]
[Result "1/2-1/2"]
[WhiteElo "2065"]
[BlackElo "2088"]
[PlyCount "40"]
[EventDate "2005.04.16"]
[SourceDate "2004.09.21"]

1. b3 Nf6 2. Bb2 d6 3. d4 g6 4. g3 Bg7 5. Bg2 O-O 6. Nf3 Nbd7 7. O-O e5 8. dxe5
Ng4 9. Qc1 Ndxe5 10. Nbd2 Qe7 11. h3 Nxf3+ 12. Nxf3 Nf6 13. e3 c6 14. c4 Rd8
15. Rd1 Be6 16. Nd4 d5 17. Nxe6 Qxe6 18. cxd5 Nxd5 19. Bxg7 Kxg7 20. Qb2+ Qf6
1/2-1/2

[Event "4NCL/Div4b/MIN2 vs. MET"]
[Site "Telford ENG"]
[Date "2005.04.16"]
[Round "7.3"]
[White "Ackley, Peter"]
[Black "Fegan, Chris"]
[Result "1/2-1/2"]
[WhiteElo "2050"]
[BlackElo "2098"]
[PlyCount "120"]
[EventDate "2005.04.16"]
[SourceDate "2004.09.21"]

1. Nf3 Nf6 2. c4 c6 3. d4 d5 4. e3 e6 5. Nbd2 Nbd7 6. Bd3 Bd6 7. b3 e5 8. cxd5
Nxd5 9. Bb2 exd4 10. Nxd4 Ne5 11. Be2 Qg5 12. O-O Qg6 13. N4f3 Bh3 14. Nh4 Qh6
15. gxh3 Qxh4 16. Bxe5 Bxe5 17. Nf3 Qf6 18. Nxe5 Qxe5 19. Bf3 O-O-O 20. Qc2 f5
21. Rfd1 Nb4 22. Qc4 Nd5 23. Bxd5 Rxd5 24. Rxd5 Qxd5 25. Qxd5 cxd5 26. Rd1 Rd8
27. Kg2 Kc7 28. Kf3 Kd6 29. Rc1 Re8 30. Kf4 h6 31. Rc2 g6 32. a3 Re7 33. Rc8
g5+ 34. Kxf5 Rf7+ 35. Kg6 Rxf2 36. Kxh6 Rxh2 37. Kxg5 Rxh3 38. Kf4 Rh1 39. Rd8+
Kc6 40. Ke5 Rb1 41. Rc8+ Kb6 42. Rc3 Rd1 43. Kf4 a6 44. Ke5 Kb5 45. Rc7 Kb6 46.
Rc3 Rd2 47. Kf4 Kb5 48. Ke5 a5 49. Kd6 Kb6 50. a4 Ka6 51. Rc5 d4 52. exd4 Rxd4+
53. Kc7 Rb4 54. Rb5 Rxb5 55. axb5+ Ka7 56. Kc8 Kb6 57. Kb8 Kxb5 58. Kxb7 Kb4
59. Kb6 a4 60. bxa4 Kxa4 1/2-1/2

[Event "4NCL/Div4b/MIN2 vs. MET"]
[Site "Telford ENG"]
[Date "2005.04.16"]
[Round "7.4"]
[White "Djabri, Zafer M"]
[Black "Hawkins, J Nick"]
[Result "1-0"]
[WhiteElo "2070"]
[BlackElo "2039"]
[PlyCount "57"]
[EventDate "2005.04.16"]
[SourceDate "2004.09.21"]

1. c4 e5 2. Nc3 Nf6 3. Nf3 Nc6 4. e3 d5 5. cxd5 Nxd5 6. Bb5 Qd6 7. d4 Nxc3 8.
bxc3 exd4 9. exd4 Bd7 10. O-O Be7 11. Re1 a6 12. Bd3 Bg4 13. a4 Qf6 14. Ba3 O-O
15. d5 Bxa3 16. dxc6 Bd6 17. cxb7 Rab8 18. Rb1 Rfd8 19. Qe2 Bd7 20. Qe4 g6 21.
Qd4 Qxd4 22. Nxd4 c5 23. Nf3 a5 24. Be4 Bxa4 25. Ra1 f5 26. Bd5+ Kg7 27. Rxa4
Bxh2+ 28. Kxh2 Rxd5 29. Re7+ 1-0

[Event "4NCL/Div4b/MIN2 vs. MET"]
[Site "Telford ENG"]
[Date "2005.04.16"]
[Round "7.5"]
[White "Eisen, David"]
[Black "McInnes, Neil"]
[Result "1/2-1/2"]
[WhiteElo "2020"]
[BlackElo "2005"]
[PlyCount "45"]
[EventDate "2005.04.16"]
[SourceDate "2004.09.21"]

1. d4 f5 2. g3 Nf6 3. c4 e6 4. Bg2 Be7 5. Nh3 d6 6. Nc3 e5 7. dxe5 dxe5 8.
Qxd8+ Bxd8 9. Nd5 c6 10. Nxf6+ Bxf6 11. Bg5 Be6 12. Bxf6 gxf6 13. b3 Rg8 14.
O-O-O Ke7 15. Ng1 Nd7 16. Nf3 Nc5 17. Nd2 a5 18. Kc2 Rac8 19. a4 f4 20. e4 fxe3
21. fxe3 e4 22. Rhf1 f5 23. Rf4 1/2-1/2

[Event "4NCL/Div4b/MIN2 vs. MET"]
[Site "Telford ENG"]
[Date "2005.04.16"]
[Round "7.6"]
[White "Cooke, Charlie"]
[Black "Kelly, Paul J"]
[Result "0-1"]
[WhiteElo "1840"]
[BlackElo "1950"]
[PlyCount "73"]
[EventDate "2005.04.16"]
[SourceDate "2004.09.21"]

1. d4 d6 2. c4 e5 3. d5 g6 4. e4 Bg7 5. Nc3 f5 6. Bd3 Nf6 7. Bg5 O-O 8. Qd2 Na6
9. Bh6 Nc5 10. Bxg7 Nxd3+ 11. Qxd3 Kxg7 12. f3 Bd7 13. Nge2 a6 14. O-O f4 15.
g3 g5 16. g4 h5 17. h3 hxg4 18. hxg4 Rh8 19. Kg2 Qe8 20. Rh1 Qg6 21. Rag1 Raf8
22. Kf2 Qe8 23. Qd1 Qb8 24. a4 Qa7+ 25. Ke1 Qe3 26. Rxh8 Rxh8 27. Rf1 Rh3 28.
Qd2 Rxf3 29. Qxe3 Rxe3 30. Kd2 Nxg4 31. Ng1 Nf6 32. Re1 Rxe1 33. Kxe1 g4 34.
Ke2 Kg6 35. b3 Kg5 36. Kf2 Kh4 37. Kg2 0-1

[Event "4NCL/Div4b/GREN vs. BRJ"]
[Site "Telford ENG"]
[Date "2005.04.16"]
[Round "7.1"]
[White "Osborne, David"]
[Black "Headlong, Timothy"]
[Result "0-1"]
[WhiteElo "2095"]
[BlackElo "2213"]
[PlyCount "86"]
[EventDate "2005.04.16"]
[SourceDate "2004.09.21"]

1. e4 c5 2. Nc3 Nc6 3. g3 g6 4. Bg2 Bg7 5. d3 d6 6. Be3 e5 7. Qd2 Nge7 8. Nge2
Nd4 9. O-O O-O 10. Bxd4 cxd4 11. Nd1 Be6 12. c4 dxc3 13. bxc3 d5 14. Qb2 Qd7
15. Ne3 Rfd8 16. Rfd1 Bh6 17. Nf1 dxe4 18. dxe4 Qc7 19. Nd2 b6 20. Bf1 Rac8 21.
Nb3 Bg4 22. Rxd8+ Rxd8 23. Re1 a5 24. a4 Be6 25. Nec1 Bc4 26. Bh3 Qc6 27. Qa1
Nc8 28. Bf1 Bxf1 29. Kxf1 Nd6 30. f3 Nc4 31. Kf2 Bf8 32. Qa2 Bh6 33. Ne2 Nd2
34. Kg2 Nxb3 35. Qxb3 Rd2 36. Kf1 Bf8 37. Rd1 Rxd1+ 38. Qxd1 Kg7 39. Qb3 Bc5
40. Nc1 Qd7 41. Qc2 Qh3+ 42. Qg2 Qh6 43. Nd3 Qe3 0-1

[Event "4NCL/Div4b/GREN vs. BRJ"]
[Site "Telford ENG"]
[Date "2005.04.16"]
[Round "7.2"]
[White "Richmond, Jane"]
[Black "Bass, John"]
[Result "1/2-1/2"]
[WhiteElo "2162"]
[BlackElo "2102"]
[PlyCount "81"]
[EventDate "2005.04.16"]
[SourceDate "2004.09.21"]

1. e4 c5 2. Nf3 e6 3. d4 cxd4 4. Nxd4 a6 5. Bd3 Bc5 6. Nb3 Ba7 7. O-O Nc6 8.
Nc3 Nf6 9. Bf4 d6 10. Qf3 O-O 11. Be2 e5 12. Bg5 Be6 13. Rad1 Rc8 14. Rd2 Qe7
15. Qg3 Nd4 16. Kh1 Rxc3 17. Qxc3 Rc8 18. Qg3 Nxe2 19. Rxe2 Bc4 20. Rfe1 Bxe2
21. Rxe2 Qe6 22. h3 Rc4 23. f3 Rc8 24. Rd2 Nd7 25. Qe1 f6 26. Be3 Bxe3 27. Qxe3
Nc5 28. Kh2 Nxb3 29. axb3 Rc6 30. Qd3 b5 31. Rd1 Kf8 32. b4 Qc4 33. Qxc4 Rxc4
34. c3 Ke7 35. Kg3 Ke6 36. Kf2 Rc8 37. Ke3 g6 38. Ra1 Rc6 39. Rd1 f5 40. g3 Rc8
41. Ra1 1/2-1/2

[Event "4NCL/Div4b/GREN vs. BRJ"]
[Site "Telford ENG"]
[Date "2005.04.16"]
[Round "7.3"]
[White "Grossett, Duncan D"]
[Black "Haydon, Richard"]
[Result "1/2-1/2"]
[WhiteElo "2005"]
[BlackElo "2205"]
[PlyCount "34"]
[EventDate "2005.04.16"]
[SourceDate "2004.09.21"]

1. d4 d6 2. Nf3 g6 3. g3 Bg7 4. Bg2 Nf6 5. O-O O-O 6. c4 c6 7. Nc3 Qa5 8. Qc2
Qh5 9. Bf4 Bh3 10. Ne4 Bxg2 11. Kxg2 Nbd7 12. h3 Qa5 13. b4 Qc7 14. Nc3 e5 15.
dxe5 dxe5 16. Bg5 h6 17. Bxf6 Nxf6 1/2-1/2

[Event "4NCL/Div4b/GREN vs. BRJ"]
[Site "Telford ENG"]
[Date "2005.04.16"]
[Round "7.4"]
[White "Bourne, Johnathan"]
[Black "Johnson, Richard J"]
[Result "1-0"]
[WhiteElo "2100"]
[BlackElo "2005"]
[PlyCount "23"]
[EventDate "2005.04.16"]
[SourceDate "2004.09.21"]

1. d4 d6 2. e4 Nf6 3. Nc3 g6 4. Be3 Bg7 5. Qd2 O-O 6. Bh6 c6 7. h4 Bxh6 8. Qxh6
Qa5 9. h5 Nxh5 10. Nf3 f6 11. Bc4+ e6 12. g4 1-0

[Event "4NCL/Div4b/GREN vs. BRJ"]
[Site "Telford ENG"]
[Date "2005.04.16"]
[Round "7.5"]
[White "Hibbitt, Arthur M"]
[Black "Hall, Joshua D"]
[Result "1-0"]
[WhiteElo "1975"]
[BlackElo "1980"]
[PlyCount "81"]
[EventDate "2005.04.16"]
[SourceDate "2004.09.21"]

1. d4 Nf6 2. Nf3 g6 3. Bf4 Bg7 4. e3 O-O 5. Bd3 c5 6. c3 Qb6 7. Qb3 d5 8. dxc5
Qxc5 9. Nbd2 Nc6 10. h3 Nd7 11. e4 d4 12. cxd4 Nxd4 13. Nxd4 Qxd4 14. Be3 Qxb2
15. Qxb2 Bxb2 16. Rb1 Ne5 17. Be2 Bc3 18. Rb3 Bxd2+ 19. Bxd2 b6 20. O-O Be6 21.
Rb2 Bc4 22. Bh6 Bxe2 23. Rxe2 Rfd8 24. f4 Nc6 25. f5 Rd3 26. Rc2 Ne5 27. Rfc1
Rad8 28. Rc7 Nd7 29. Rxa7 Nc5 30. Rxe7 Ra3 31. Rf1 g5 32. e5 Ne4 33. e6 f6 34.
Rc1 Nc3 35. Re1 Rxa2 36. Rg7+ Kh8 37. e7 Re8 38. Rf7 Ne2+ 39. Kh2 Nf4 40. Rf8+
Rxf8 41. exf8=Q# 1-0

[Event "4NCL/Div4b/GREN vs. BRJ"]
[Site "Telford ENG"]
[Date "2005.04.16"]
[Round "7.6"]
[White "Tomboline, David"]
[Black "Butterworth, Paul"]
[Result "1/2-1/2"]
[WhiteElo "1990"]
[BlackElo "1910"]
[PlyCount "27"]
[EventDate "2005.04.16"]
[SourceDate "2004.09.21"]

1. d4 Nf6 2. Nf3 g6 3. Bf4 Bg7 4. e3 c5 5. c3 b6 6. Be2 Bb7 7. O-O Nc6 8. Ne5
d6 9. Nxc6 Bxc6 10. Bf3 Bxf3 11. Qxf3 O-O 12. Nd2 cxd4 13. exd4 d5 14. a4
1/2-1/2

[Event "4NCL/Div4b/BCA vs. SCS2"]
[Site "Telford ENG"]
[Date "2005.04.16"]
[Round "7.1"]
[White "Mordue, A Tyson"]
[Black "Heard, Andrew H"]
[Result "1-0"]
[WhiteElo "2288"]
[BlackElo "1980"]
[PlyCount "35"]
[EventDate "2005.04.16"]
[SourceDate "2004.09.21"]

1. e4 e6 2. d4 d5 3. Nd2 Nf6 4. Bd3 Be7 5. e5 Nfd7 6. c3 c5 7. Ne2 Nc6 8. Nf3
cxd4 9. cxd4 Nb4 10. Bb1 f6 11. exf6 Nxf6 12. O-O Bd7 13. Nf4 Rc8 14. Ng5 Rc6
15. Re1 Qc8 16. Bd2 Na6 17. Bd3 Nc7 18. Bxh7 1-0

[Event "4NCL/Div4b/BCA vs. SCS2"]
[Site "Telford ENG"]
[Date "2005.04.16"]
[Round "7.2"]
[White "Jimenez, Miguel"]
[Black "Ross, Chris"]
[Result "0-1"]
[WhiteElo "1955"]
[BlackElo "2122"]
[PlyCount "50"]
[EventDate "2005.04.16"]
[SourceDate "2004.09.21"]

1. e4 c5 2. Nf3 e6 3. d4 cxd4 4. Nxd4 a6 5. Bd3 Bc5 6. c3 Nc6 7. Nxc6 bxc6 8.
O-O e5 9. Nd2 d6 10. Qe2 Ne7 11. Rd1 O-O 12. Bc2 a5 13. b3 Qc7 14. Bb2 Ng6 15.
g3 Ne7 16. c4 f5 17. exf5 Bxf5 18. Bxf5 Nxf5 19. Nf3 Qf7 20. Rf1 Nxg3 21. hxg3
Qxf3 22. Rae1 Qxg3+ 23. Kh1 Rxf2 24. Rxf2 Bxf2 25. Rf1 Qh3# 0-1

[Event "4NCL/Div4b/BCA vs. SCS2"]
[Site "Telford ENG"]
[Date "2005.04.16"]
[Round "7.3"]
[White "Burnell, Steve"]
[Black "Lutton, J Arnold"]
[Result "1/2-1/2"]
[WhiteElo "2015"]
[BlackElo "1950"]
[PlyCount "83"]
[EventDate "2005.04.16"]
[SourceDate "2004.09.21"]

1. d4 e6 2. c4 Nf6 3. Nf3 c6 4. Nc3 Bb4 5. a3 Bxc3+ 6. bxc3 d6 7. Bg5 Nbd7 8.
Qc2 Qc7 9. e4 e5 10. Bd3 h6 11. Bh4 O-O 12. O-O Nh5 13. Rfd1 f6 14. Bg3 Nxg3
15. hxg3 g5 16. Qe2 Rf7 17. Nh2 Nf8 18. Qh5 Rh7 19. Rab1 c5 20. d5 Qf7 21. Be2
Qxh5 22. Bxh5 Re7 23. Bg4 Nd7 24. Be6+ Kg7 25. Ng4 Nb6 26. Bxc8 Rxc8 27. Ne3
Kg6 28. g4 Rh8 29. g3 Reh7 30. Kg2 h5 31. gxh5+ Kxh5 32. Rh1+ Kg6 33. Rxh7 Rxh7
34. Ra1 Nc8 35. a4 Ne7 36. g4 Rh8 37. a5 Rb8 38. Rb1 Kg7 39. Kg3 Kf8 40. Rh1
Kg7 41. Nc2 Ng6 42. Ne3 1/2-1/2

[Event "4NCL/Div4b/BCA vs. SCS2"]
[Site "Telford ENG"]
[Date "2005.04.16"]
[Round "7.4"]
[White "Sandham, David"]
[Black "Armstrong, William G"]
[Result "1/2-1/2"]
[WhiteElo "1925"]
[BlackElo "1960"]
[PlyCount "80"]
[EventDate "2005.04.16"]
[SourceDate "2004.09.21"]

1. d4 Nf6 2. Bg5 g6 3. Bxf6 exf6 4. e4 Bg7 5. Bc4 d6 6. Ne2 O-O 7. O-O f5 8.
exf5 Bxf5 9. Ng3 Be6 10. d5 Bd7 11. Nc3 f5 12. f4 a6 13. a4 Bc8 14. Nge2 Qf6
15. Qd2 Nd7 16. Rad1 Re8 17. Nd4 Qxd4+ 18. Qxd4 Bxd4+ 19. Rxd4 Nf6 20. h3 Bd7
21. Bd3 Rad8 22. Rb4 Bc8 23. Kf2 Re7 24. Re1 Rde8 25. Rxe7 Rxe7 26. Rc4 b6 27.
b4 Bb7 28. Rd4 Ne8 29. b5 a5 30. Ne2 Nf6 31. c4 Nd7 32. Bc2 Nc5 33. Rd2 Kg7 34.
Nd4 Kf6 35. Re2 Rxe2+ 36. Kxe2 h6 37. Kf3 Bc8 38. h4 h5 39. g3 Bd7 40. Ke3 Nb7
1/2-1/2